| 000 | 00745nam a2200253 c 4500 | ||
|---|---|---|---|
| 001 | a5462737 | ||
| 003 | CO-ViMGA | ||
| 005 | 20230915233138.0 | ||
| 008 | 140203s2014 sp | |||| 000 f spa | ||
| 020 | _a9788433977410 | ||
| 040 |
_aCO-ViMGA _bspa _cCO-ViMGA |
||
| 041 | 1 | _hfre | |
| 082 | 0 | 4 |
_a895.63 _bN67u |
| 100 | 1 |
_aNothomb, Amelie _d1967- _4aut _94057 |
|
| 240 | 1 | 4 |
_aUne forme de vie _lEspañol |
| 245 | 1 | 4 |
_aUna forma de vida _cAmelie Nothomb ; traduccion de Sergi Pamies |
| 260 |
_aBarcelona _bAnagrama _c2014 |
||
| 300 |
_a146 p. _c21 cm |
||
| 490 | 0 |
_aColeccion Compactos _v638 |
|
| 650 | 1 | 4 |
_aNovela japonesa _9888 |
| 650 | 1 | 4 |
_aNovela psicológica _93826 |
| 700 | 1 |
_aPamies, Sergi _d1960- _etraductor _4trl _94058 |
|
| 942 |
_2ddc _cBK |
||
| 999 |
_c35654 _d35654 |
||